Estimación de la matrícula en la Facultad de Ingenieria
Guardado en:
| Hovedforfatter: | |
|---|---|
| Andre forfattere: | |
| Format: | Bog |
| Udgivet: |
[San José , Costa Rica]
1971
|
| Tags: |
Tilføj Tag
Ingen Tags, Vær først til at tagge denne postø!
|
MARC
| LEADER | 00000nam a2200000Ia 4500 | ||
|---|---|---|---|
| 003 | PIE067 | ||
| 005 | 20231115112611.0 | ||
| 008 | 140116s1971 c a m 000 ||s d | ||
| 040 | |c cru CEDI | ||
| 090 | |a PIE 67 | ||
| 100 | |a Jiménez A, Gerardo |9 18249 | ||
| 245 | |a Estimación de la matrícula en la Facultad de Ingenieria | ||
| 260 | |a [San José , Costa Rica] |c 1971 | ||
| 300 | |a 44 hojas | ||
| 500 | |a A la Cabeza de la portada. Universidad de Costa Rica. Facultad de Ingeniería. Departamento de Ingeniería Eléctrica. IE-504 Laboratorio Eléctrico A | ||
| 501 | |a Profesor Guía: Ing. Roger Lorenzo | ||
| 700 | |a Lorenzo B., Roger |d Director de Proyecto Eléctrico |9 1746 | ||
| 942 | |c PIE |h PIE-66 |i PIE066 |6 PIE_66_PIE066 | ||
| 999 | |c 13441 |d 13441 | ||
